|
|
|
|
| LEADER |
00000nab#a22000007a#4500 |
| 001 |
arbauad027040 |
| 003 |
AR-BaUAD |
| 005 |
20250711112225.0 |
| 008 |
970603|||||||||###||||||b###|0###a|spa|| |
| 040 |
|
|
|a AR-BaUAD
|c AR-BaUAD
|b spa
|
| 100 |
|
|
|a Falsitta, Daniela
|
| 245 |
|
|
|a In pura plastica /
|c Daniela Falsitta;
|
| 300 |
0 |
|
|b fot.
|
| 653 |
|
|
|a ITALIA
|
| 653 |
|
|
|a PORRO
|
| 653 |
|
|
|a AISSLINGER, WERNER
|
| 653 |
|
|
|a SEGIS
|
| 653 |
|
|
|a BARTOLI, CARLO
|
| 653 |
|
|
|a PASTOE
|
| 653 |
|
|
|a WOGG
|
| 653 |
|
|
|a MOSIMANN, BENNY
|
| 653 |
|
|
|a MARAN, MARCO
|
| 653 |
|
|
|a LIGNE ROSET
|
| 653 |
|
|
|a GARDERE, ADRIEN
|
| 653 |
|
|
|a BELLATO
|
| 653 |
|
|
|a SADLER, MARC
|
| 653 |
|
|
|a BONALDO
|
| 653 |
|
|
|a ARCHIRIVOLTO
|
| 653 |
|
|
|a KARTELL
|
| 653 |
|
|
|a MAGISTRETTI, VICO
|
| 653 |
|
|
|a STARCK, PHILIPPE
|
| 653 |
|
|
|a DRIADE
|
| 653 |
|
|
|a MARI, ENZO
|
| 653 |
|
|
|a PLATT-YOUNG
|
| 653 |
|
|
|a BALERI, ENRICO
|
| 653 |
|
|
|a MORPHOS
|
| 653 |
|
|
|a ACERBIS, MARCO
|
| 653 |
|
|
|a HORM
|
| 653 |
|
|
|a CUMINI, CARLO
|
| 653 |
|
|
|a BOFFI
|
| 653 |
|
|
|a AMAT 3
|
| 653 |
|
|
|a MUEBLES
|
| 653 |
|
|
|a SILLAS
|
| 653 |
|
|
|a ESTANTERIAS
|
| 653 |
|
|
|a MESAS
|
| 653 |
|
|
|a MODULARES
|
| 653 |
|
|
|a EQUIPAMIENTO
|
| 653 |
|
|
|a COCINAS
|
| 653 |
|
|
|a MOBILIARIO
|
| 653 |
|
|
|a BAJOMESADAS
|
| 653 |
|
|
|a ALACENAS
|
| 653 |
|
|
|a ILUMINACION
|
| 653 |
|
|
|a ARTEFACTOS
|
| 653 |
|
|
|a LAMPARAS
|
| 653 |
|
|
|a TECNOLOGIA
|
| 653 |
|
|
|a MATERIALES
|
| 653 |
|
|
|a RECICLAJE
|
| 653 |
|
|
|a PLASTICO
|
| 653 |
|
|
|a POLIPROPILENO
|
| 653 |
|
|
|a POLICARBONATO
|
| 653 |
|
|
|a OPALCORE
|
| 653 |
|
|
|a ABS
|
| 653 |
|
|
|a ACRILICO
|
| 653 |
|
|
|a EPDM
|
| 653 |
|
|
|a ETILENO
|
| 653 |
|
|
|a PROPILENO
|
| 653 |
|
|
|a RESINA
|
| 653 |
|
|
|a DISEÑO INDUSTRIAL
|
| 773 |
0 |
|
|t INTERNI
|g no. 469 [abr. 1997], p. 207-213
|
| 942 |
|
|
|c ARTI
|
| 952 |
|
|
|0 0
|1 0
|4 0
|7 0
|9 71959
|a AR-BAuAD
|b AR-BAuAD
|d 2025-07-11
|l 0
|p AAQA027040
|r 2025-07-11 11:22:25
|w 2025-07-11
|y ARTI
|
| 990 |
|
|
|a DI199
|b TD
|
| 998 |
|
|
|a AAQ
|b BIBUN76
|
| 999 |
|
|
|c 51632
|d 51632
|